[Event "ONJK 2017 D"]
[Site "Borne"]
[Date "2017.09.08"]
[Round "7.14"]
[White "Debunne, Tibe"]
[Black "Le Cessie, David"]
[Result "1/2-1/2"]
[WhiteElo "1438"]
[BlackElo "831"]
[PlyCount "50"]
[EventDate "2017.08.??"]

1. e4 c5 2. c3 e6 3. d4 d5 4. exd5 exd5 5. Nf3 Nf6 6. Be2 Nc6 7. O-O Bd6 8. Re1
O-O 9. Nbd2 Qc7 10. Nf1 h6 11. Bd3 Bd7 12. Bc2 Rfe8 13. Rxe8+ Rxe8 14. Ng3 Bg4
15. dxc5 Bxc5 16. h3 Bxf3 17. Qxf3 Bd6 18. Nf5 a6 19. Nxh6+ Kf8 20. Ng4 Qe7 21.
g3 Nd8 22. Bg5 Ne6 23. Bxf6 gxf6 24. Qe3 Ng5 25. Qxe7+ Bxe7 1/2-1/2

[Event "ONJK 2017 D"]
[Site "Borne"]
[Date "2017.09.08"]
[Round "7.15"]
[White "Warnaar, Tim"]
[Black "Maes, Zayd"]
[Result "1/2-1/2"]
[WhiteElo "1146"]
[BlackElo "759"]
[PlyCount "55"]
[EventDate "2017.08.??"]

1. e4 c5 2. Nf3 d6 3. Nc3 e6 4. d4 cxd4 5. Nxd4 Nc6 6. Bb5 Bd7 7. O-O a6 8.
Bxc6 Bxc6 9. a3 Nf6 10. Bg5 Be7 11. Qe2 Qb6 12. Nxc6 Qxc6 13. Rfd1 O-O 14. e5
dxe5 15. Qxe5 Rad8 16. Qg3 Rxd1+ 17. Rxd1 Nh5 18. Qg4 Bxg5 19. Qxg5 Nf6 20. h3
Ne4 21. Nxe4 Qxe4 22. Qe7 Qxc2 23. Rd7 Qc1+ 24. Kh2 Qf4+ 25. Kg1 Qc1+ 26. Kh2
Qf4+ 27. Kh1 Qc1+ 28. Kh2 1/2-1/2

[Event "ONJK 2017 D"]
[Site "Borne"]
[Date "2017.08.10"]
[Round "8.1"]
[White "Slagboom, Leandro"]
[Black "D'Haenens, Leon"]
[Result "1/2-1/2"]
[WhiteElo "1308"]
[BlackElo "1407"]
[PlyCount "78"]
[EventDate "2017.08.??"]

1. Nf3 c5 2. g3 e6 3. c4 a6 4. Nc3 Nf6 5. Bg2 Qc7 6. d3 Be7 7. Bg5 d6 8. O-O
Nbd7 9. Re1 O-O 10. e4 Rd8 11. Qc2 Rb8 12. a4 b6 13. Rad1 Bb7 14. b3 Ne5 15.
Bxf6 Bxf6 16. Qd2 Rd7 17. Ne2 Nc6 18. d4 Rbd8 19. d5 exd5 20. exd5 Na5 21. Qc2
Re7 22. Nc3 Rde8 23. Ne4 Be5 24. Nxe5 Rxe5 25. Re2 f5 26. Nc3 Rxe2 27. Nxe2 g6
28. Nf4 Bc8 29. Rd2 Qg7 30. h3 Re1+ 31. Kh2 Qe5 32. Nd3 Nxb3 33. Qxb3 Qd4 34.
Nxe1 Qxd2 35. Qe3 Qxe3 36. fxe3 Bd7 37. Nd3 Bxa4 38. Bf1 Bb3 39. Nf4 a5 1/2-1/2

[Event "ONJK 2017 D"]
[Site "Borne"]
[Date "2017.08.10"]
[Round "8.2"]
[White "De Putter, Sven"]
[Black "De Rycke, Tyani"]
[Result "1/2-1/2"]
[WhiteElo "1228"]
[BlackElo "1603"]
[PlyCount "139"]
[EventDate "2017.08.??"]

1. e4 c5 2. Nc3 e6 3. f4 Nc6 4. Nf3 Nf6 5. Bc4 d5 6. exd5 exd5 7. Bb5 a6 8.
Bxc6+ bxc6 9. d3 Bg4 10. O-O Be7 11. h3 Bf5 12. Ne5 Qc7 13. Re1 Ra7 14. Kh1 O-O
15. Qf3 Bd6 16. Qg3 Re8 17. Bd2 Rb7 18. b3 d4 19. Nd1 Nd5 20. Nf2 f6 21. Nc4
Rbb8 22. Nxd6 Qxd6 23. Ng4 Bxg4 24. Qxg4 Ne3 25. Bxe3 dxe3 26. Re2 Re6 27. Rae1
Rbe8 28. Qg3 Qd4 29. Qf3 Qd5 30. Qxd5 cxd5 31. c3 f5 32. g3 Kf7 33. Kg2 d4 34.
cxd4 cxd4 35. Rc1 Rd8 36. Kf3 Rdd6 37. g4 g6 38. Rc7+ Re7 39. Rxe7+ Kxe7 40.
Rc2 Kd7 41. Rc4 Rd5 42. Ke2 Rd6 43. Ke1 fxg4 44. hxg4 h5 45. gxh5 gxh5 46. f5
h4 47. f6 Ke6 48. Rc5 Kxf6 49. Rh5 h3 50. Rxh3 Ke5 51. Rh5+ Kf4 52. Ke2 Rc6 53.
Rh4+ Ke5 54. Rh5+ Kd6 55. Rh6+ Kc5 56. b4+ Kb6 57. Rh1 Rc2+ 58. Kf3 Rxa2 59.
Ke4 e2 60. Re1 Kb5 61. Kxd4 Kxb4 62. Ke3 a5 63. Rxe2 Rxe2+ 64. Kxe2 Kb3 65. d4
a4 66. d5 a3 67. d6 a2 68. d7 a1=Q 69. d8=Q Qe5+ 70. Kf3 1/2-1/2

[Event "ONJK 2017 D"]
[Site "Borne"]
[Date "2017.08.10"]
[Round "8.3"]
[White "Honkoop, Stella"]
[Black "Casur, Jan"]
[Result "0-1"]
[WhiteElo "1402"]
[BlackElo "1526"]
[PlyCount "112"]
[EventDate "2017.08.??"]

1. e4 e5 2. Nf3 Nc6 3. d4 exd4 4. Nxd4 Bc5 5. Be3 Qf6 6. c3 Nge7 7. Bc4 Nxd4 8.
Bxd4 Bxd4 9. cxd4 Nc6 10. e5 Qf4 11. O-O Qxd4 12. Qxd4 Nxd4 13. Nc3 c6 14. Ne4
O-O 15. Nd6 b5 16. Bd3 a5 17. Rad1 g6 18. Rfe1 Ba6 19. Rd2 Ne6 20. Ne4 Rfd8 21.
Bc2 Ra7 22. Red1 Kg7 23. h3 h6 24. Bb3 Kf8 25. Rd6 Ke7 26. Bxe6 fxe6 27. Nc5
Bc8 28. Nxe6 Rg8 29. Nc5 h5 30. Ne4 g5 31. Rh6 h4 32. Rh5 Ke6 33. Nxg5+ Kxe5
34. Nf3+ Ke6 35. Rxh4 d5 36. Rh6+ Kf7 37. Rh7+ Rg7 38. Ne5+ Kg8 39. Rxg7+ Rxg7
40. Kh2 Bb7 41. Rc1 d4 42. Rd1 c5 43. g3 Kf8 44. h4 Ke7 45. Kg1 Kd6 46. Nd3 c4
47. Nf4 d3 48. b3 Re7 49. Kf1 Kc5 50. bxc4 bxc4 51. h5 Bf3 52. Rd2 Rb7 53. Ng2
Bxh5 54. Kg1 Kd4 55. f4 c3 56. Rf2 c2 0-1

[Event "ONJK 2017 D"]
[Site "Borne"]
[Date "2017.08.10"]
[Round "8.4"]
[White "Tiggelman, Vincent"]
[Black "Muntean, Felix"]
[Result "1-0"]
[WhiteElo "1091"]
[BlackElo "1335"]
[PlyCount "103"]
[EventDate "2017.08.??"]

1. e4 e5 2. Nc3 Bc5 3. Bc4 d6 4. d3 Nc6 5. f4 Nf6 6. h3 Be6 7. Bxe6 fxe6 8. Nf3
O-O 9. Na4 Bb6 10. Nxb6 axb6 11. fxe5 Nd7 12. exd6 cxd6 13. O-O Qf6 14. Be3
Qxb2 15. Qb1 Qxb1 16. Rfxb1 Ra6 17. Rb2 Rfa8 18. Kh2 e5 19. Nd2 Nc5 20. Nc4 Na4
21. Rb3 Nd4 22. Bxd4 exd4 23. Nxd6 Nc3 24. Rb2 Rxa2 25. Rbxa2 Rxa2 26. Rxa2
Nxa2 27. Nb5 Nb4 28. Nxd4 Kf7 29. Kg3 Kf6 30. Kf3 Ke5 31. Ke3 g6 32. g4 h6 33.
h4 h5 34. g5 Nc6 35. Nxc6+ bxc6 36. d4+ Ke6 37. Kd3 Kd6 38. c4 c5 39. e5+ Kd7
40. d5 Ke7 41. Kc3 Kd7 42. Kb3 Ke7 43. Ka4 Kd7 44. Kb5 Kc7 45. d6+ Kb7 46. e6
Kc8 47. Kxb6 Kd8 48. Kxc5 Ke8 49. Kb6 Kd8 50. c5 Kc8 51. c6 Kd8 52. c7+ 1-0

[Event "ONJK 2017 D"]
[Site "Borne"]
[Date "2017.08.10"]
[Round "8.5"]
[White "Heskes, Lise"]
[Black "Goudriaan, Rafael"]
[Result "1-0"]
[WhiteElo "1310"]
[BlackElo "1091"]
[PlyCount "143"]
[EventDate "2017.08.??"]

1. d4 e6 2. Bf4 c5 3. e3 Nf6 4. Bd3 Nc6 5. c3 d5 6. Nd2 Be7 7. Ngf3 c4 8. Bc2
Qb6 9. Rb1 Bd7 10. Ne5 Nxe5 11. dxe5 Ng8 12. Qg4 g6 13. O-O f5 14. Qe2 g5 15.
Qh5+ Kf8 16. Bxg5 Qd8 17. Bxe7+ Qxe7 18. Kh1 Qg7 19. f4 Nh6 20. Qe2 Ng4 21. Rf3
Qe7 22. Rh3 Rg8 23. Rf1 Be8 24. Qe1 h5 25. Nf3 Rc8 26. Ng5 Rc6 27. Ba4 Ra6 28.
Bxe8 Qxe8 29. a3 Rb6 30. Qb1 Rh8 31. Rhf3 Ke7 32. h3 Qg6 33. Rg3 h4 34. Rgf3
Nxe5 35. fxe5 Qxg5 36. R1f2 Qg7 37. Qc2 Qxe5 38. Qa4 Ra6 39. Qb4+ Kf6 40. Qxb7
Qd6 41. Rd2 Kg6 42. e4 Rb8 43. e5 Rxb7 44. exd6 Rxd6 45. Rff2 e5 46. Rfe2 e4
47. Rd4 Kf6 48. Red2 e3 49. Re2 Re7 50. Rxh4 Kg5 51. g3 Rh6 52. Rxh6 Kxh6 53.
Kg2 Re4 54. Kf3 d4 55. cxd4 Rxd4 56. Kxe3 Rd3+ 57. Kf4 c3 58. Re6+ Kg7 59. bxc3
Kf7 60. Rc6 Ke8 61. h4 Kd7 62. Rc4 Rd5 63. Rd4 Rxd4+ 64. cxd4 Ke6 65. h5 Kf6
66. d5 Kf7 67. Kxf5 Kf8 68. h6 Kg8 69. d6 Kf7 70. d7 Ke7 71. h7 Kxd7 72. h8=Q
1-0

[Event "ONJK 2017 D"]
[Site "Borne"]
[Date "2017.10.08"]
[Round "8.6"]
[White "De Vries, Fabian"]
[Black "Salomons, Matthijs"]
[Result "1-0"]
[WhiteElo "1454"]
[BlackElo "1120"]
[PlyCount "75"]
[EventDate "2017.08.??"]

1. Nf3 e6 2. g3 d5 3. Bg2 c5 4. O-O Nc6 5. d4 Nf6 6. c4 Bd6 7. Nc3 O-O 8. cxd5
exd5 9. Bg5 Be6 10. Qd2 Re8 11. Bxf6 Qxf6 12. dxc5 Bxc5 13. Nxd5 Qd8 14. Nf4
Qxd2 15. Nxd2 Rad8 16. Nf3 Bc4 17. Rfc1 b5 18. b3 Ba3 19. Rc2 Nb4 20. Rd2 Rxd2
21. Nxd2 Bxe2 22. Re1 Nxa2 23. Rxe2 Rxe2 24. Nxe2 Bb4 25. Nf3 a5 26. Nfd4 a4
27. bxa4 bxa4 28. Bd5 Nc3 29. Nxc3 Bxc3 30. Nc2 Kf8 31. Kf1 Ke7 32. Ke2 Bb2 33.
Kd3 f6 34. Kc4 Kd6 35. Bg8 h6 36. Kb4 a3 37. Nxa3 Bd4 38. Nb5+ {... [65]} 1-0

[Event "ONJK 2017 D"]
[Site "Borne"]
[Date "2017.10.08"]
[Round "8.7"]
[White "Zheng, Jimmy"]
[Black "Naessens, Wolf"]
[Result "0-1"]
[WhiteElo "1157"]
[BlackElo "1453"]
[PlyCount "104"]
[EventDate "2017.08.??"]

1. e4 e5 2. Nf3 Nc6 3. Bc4 Bc5 4. O-O d6 5. d3 h6 6. c3 Bg4 7. h3 Bh5 8. Nbd2
Nf6 9. Re1 O-O 10. Nf1 Re8 11. Ng3 Bg6 12. Be3 Bb6 13. Qd2 Na5 14. Bb5 c6 15.
Ba4 Bxe3 16. Rxe3 b5 17. Bc2 Nb7 18. d4 exd4 19. cxd4 c5 20. b4 c4 21. a4 a6
22. Qc3 Rc8 23. Rae1 Qd7 24. Nh4 Bh7 25. Nhf5 Bxf5 26. Nxf5 d5 27. e5 Ne4 28.
Bxe4 dxe4 29. Ng3 bxa4 30. Nxe4 Red8 31. Rd1 Qd5 32. Qc2 Qb5 33. Ra3 Qxb4 34.
Rxa4 Qb3 35. Qxb3 cxb3 36. Rb4 Na5 37. Nc5 Rxc5 38. Ra1 Rcd5 39. Rb6 Ra8 40.
Kh2 Rb5 41. Rxb5 axb5 42. Rb1 Rc8 43. Kg3 Rd8 44. Kf3 Rxd4 45. Ke3 Rd8 46. f4
Nc4+ 47. Ke2 b2 48. g4 Rd2+ 49. Ke1 Rh2 50. Kd1 Ne3+ 51. Ke1 Rh1+ 52. Ke2 Rxb1
0-1

[Event "ONJK 2017 D"]
[Site "Borne"]
[Date "2017.10.08"]
[Round "8.8"]
[White "Adema, Wessel"]
[Black "Arnold, Lorin"]
[Result "1/2-1/2"]
[WhiteElo "1138"]
[BlackElo "1377"]
[PlyCount "71"]
[EventDate "2017.08.??"]

1. d4 d5 2. c4 e6 3. Nc3 f5 4. Nf3 Nf6 5. e3 c6 6. Bd3 Be7 7. O-O O-O 8. b3 Bd7
9. Bb2 Be8 10. Qc2 Ne4 11. Nd2 Bd6 12. f3 Nxd2 13. Qxd2 Qh4 14. g3 Qg5 15. Qg2
Rf6 16. e4 fxe4 17. fxe4 Qe3+ 18. Kh1 Qxd3 19. Rfd1 Qf3 20. Qxf3 Rxf3 21. Rf1
Rxf1+ 22. Rxf1 Nd7 23. exd5 exd5 24. cxd5 cxd5 25. Nxd5 Bf7 26. Ne3 Re8 27. Nf5
Bd5+ 28. Kg1 Re2 29. Rf2 Rxf2 30. Kxf2 Bc7 31. Ne7+ Kf7 32. Nxd5 Bd6 33. Ke3
Ke6 34. Nf4+ Kf5 35. h4 Nf6 36. Kf3 1/2-1/2

[Event "ONJK 2017 D"]
[Site "Borne"]
[Date "2017.10.08"]
[Round "8.9"]
[White "Den Heijer, Rolinde"]
[Black "Van der Noordaa, Niek"]
[Result "1-0"]
[WhiteElo "1222"]
[BlackElo "759"]
[PlyCount "103"]
[EventDate "2017.08.??"]

1. e4 c5 2. Nf3 Nc6 3. Bc4 e6 4. d3 g6 5. Bg5 Nce7 6. Nbd2 b6 7. a3 Bb7 8. O-O
Qb8 9. Qe2 Nc6 10. c3 Bg7 11. Qe3 Nge7 12. Bb5 O-O 13. Bxe7 Nxe7 14. Bxd7 Qc7
15. Bb5 a6 16. Bc4 Qd7 17. Rab1 f5 18. Ng5 Bh6 19. Bxe6+ Qxe6 20. Nxe6 Bxe3 21.
fxe3 Rf6 22. Ng5 Rd8 23. e5 Rc6 24. d4 cxd4 25. exd4 h6 26. Ngf3 g5 27. h3 Rg6
28. Nh2 h5 29. Rf2 h4 30. Ndf3 g4 31. Nxh4 Rg5 32. hxg4 fxg4 33. g3 b5 34. Rbf1
Nd5 35. Ng2 Rd7 36. Rf5 Rdg7 37. Rxg5 Rxg5 38. Re1 Ne7 39. Nf4 a5 40. e6 Rg7
41. Nh5 Rg6 42. Re3 Rh6 43. Nxg4 Rg6 44. Nh2 Rg5 45. Nf4 Kg7 46. Kf2 Kf8 47.
Nf3 Rg7 48. Rd3 Nf5 49. Ne5 Rh7 50. Nf3 Rg7 51. Nh5 Rg5 52. Nxg5 1-0

[Event "ONJK 2017 D"]
[Site "Borne"]
[Date "2017.10.08"]
[Round "8.11"]
[White "Krohmer, Eric"]
[Black "Knol, Daniel"]
[Result "1/2-1/2"]
[WhiteElo "1055"]
[BlackElo "1008"]
[PlyCount "62"]
[EventDate "2017.08.??"]

1. e4 e5 2. f4 d6 3. Nf3 Nc6 4. Bc4 Nf6 5. O-O Bg4 6. Nc3 Nd4 7. d3 c6 8. Be3
Nxf3+ 9. gxf3 Bh3 10. Re1 b5 11. Bb3 Nh5 12. Qd2 Qf6 13. f5 Qh4 {Diagram #} 14.
Bg5 Be7 15. Bxh4 Bxh4 16. Re2 g5 17. fxg6 hxg6 18. Kh1 g5 19. Rg1 Nf4 20. Rf2
Ke7 21. Rff1 Bxf1 22. Rxf1 Bg3 23. Nd1 Rxh2+ 24. Qxh2 Bxh2 25. Kxh2 Rh8+ 26.
Kg1 Nh3+ 27. Kg2 Nf4+ 28. Kf2 a5 29. a3 a4 30. Ba2 Rh2+ 31. Kg1 Rxc2 1/2-1/2

[Event "ONJK 2017 D"]
[Site "Borne"]
[Date "2017.10.08"]
[Round "8.12"]
[White "Maris, Evi"]
[Black "Sannen, Jette"]
[Result "0-1"]
[WhiteElo "1037"]
[BlackElo "740"]
[PlyCount "50"]
[EventDate "2017.08.??"]

1. e4 c5 2. Nf3 d6 3. Bc4 Nf6 4. Nc3 e6 5. O-O Be7 6. d4 cxd4 7. Nxd4 O-O 8.
Bg5 b6 9. Ndb5 Ba6 10. Qf3 Nbd7 11. Bxf6 Nxf6 12. Na3 Bb7 13. Rad1 Rc8 14. e5
Bxf3 15. gxf3 Nh5 16. exd6 Bxd6 17. Ncb5 Qh4 18. Nxd6 Nf4 19. Kh1 Qh5 20. Rd3
Rcd8 21. Re3 Rxd6 22. Rg1 Rd2 23. Nb5 Rxf2 24. Rg2 Rxg2 25. Re2 Qxh2# 0-1

[Event "ONJK 2017 D"]
[Site "Borne"]
[Date "2017.10.08"]
[Round "8.13"]
[White "Malfliet, Alexander"]
[Black "Zoet, Jelle"]
[Result "1-0"]
[WhiteElo "1445"]
[BlackElo "678"]
[PlyCount "59"]
[EventDate "2017.08.??"]

1. e4 e6 2. Nc3 d5 3. exd5 exd5 4. d4 Nf6 5. Nf3 Bb4 6. Bd2 O-O 7. a3 Bxc3 8.
Bxc3 Bg4 9. Be2 Re8 10. O-O Bxf3 11. Bxf3 Nc6 12. Qd3 g6 13. Rfe1 a6 14. Rxe8+
Qxe8 15. Re1 Qd7 16. Bd2 Re8 17. Rxe8+ Nxe8 18. Bh6 Qe6 19. g3 Nf6 20. b3 Qh3
21. Bg5 Ng4 22. Bxg4 Qxg4 23. Qe3 Qd1+ 24. Kg2 Nxd4 25. Qe8+ Kg7 26. Qe5+ Kg8
27. Qxd5 Qh5 28. Qd8+ Kg7 29. Bf6+ Kh6 30. Qf8# 1-0

[Event "ONJK 2017 D"]
[Site "Borne"]
[Date "2017.10.08"]
[Round "8.14"]
[White "Groen, Jari"]
[Black "Debunne, Tibe"]
[Result "0-1"]
[WhiteElo "820"]
[BlackElo "1438"]
[PlyCount "72"]
[EventDate "2017.08.??"]

1. d4 f5 2. g3 e6 3. Bg2 Nf6 4. Nf3 d6 5. Nc3 Be7 6. O-O O-O 7. Re1 Nbd7 8. e3
Qe8 9. Ng5 Nb6 10. Qd3 Qh5 11. Nh3 g5 12. e4 fxe4 13. Nxe4 Nxe4 14. Rxe4 e5 15.
Qe2 g4 16. Nf4 (16. dxe5) 16... exf4 17. Rxe7 f3 18. Qd3 fxg2 19. Rxc7 Re8 20.
Bd2 Bf5 21. Qb3+ Be6 22. Qd3 Rab8 23. Re1 Nd5 24. Rc4 Bf5 25. Qa3 Rxe1+ 26.
Bxe1 Re8 27. Qa5 Kh8 28. Qd2 Qf7 29. Ra4 Qe6 30. Rxa7 Qxe1+ 31. Qxe1 Rxe1+ 32.
Kxg2 Be4+ 33. f3 gxf3+ 34. Kf2 Re2+ 35. Kf1 Ne3+ 36. Kg1 f2# 0-1

[Event "ONJK 2017 D"]
[Site "Borne"]
[Date "2017.08.11"]
[Round "9.1"]
[White "Casur, Jan"]
[Black "De Putter, Sven"]
[Result "1-0"]
[WhiteElo "1526"]
[BlackElo "1228"]
[PlyCount "79"]
[EventDate "2017.08.??"]

1. e4 e5 2. Nf3 Nc6 3. Bc4 Bc5 4. O-O Nf6 5. d4 Bxd4 6. Nxd4 Nxd4 7. f4 d6 8.
fxe5 dxe5 9. Bg5 Qd6 10. c3 Bg4 11. Qa4+ Nc6 12. Na3 O-O 13. Bxf6 gxf6 14. Bd5
a6 15. Qc2 Qc5+ 16. Qf2 Qxf2+ 17. Rxf2 Kg7 18. Raf1 Be6 19. Rxf6 Bxd5 20. exd5
Ne7 21. c4 Rad8 22. Nc2 c6 23. d6 Nc8 24. c5 b6 25. b4 a5 26. a3 Na7 27. Ne3
Nb5 28. Nc4 bxc5 29. bxc5 e4 30. Nxa5 Rc8 31. Nc4 Rce8 32. a4 Na7 33. Nb6 e3
34. R6f5 e2 35. Re1 Nc8 36. d7 Nxb6 37. dxe8=Q Rxe8 38. cxb6 Rb8 39. a5 Rd8 40.
Rxe2 1-0

[Event "ONJK 2017 D"]
[Site "Borne"]
[Date "2017.08.11"]
[Round "9.2"]
[White "Tiggelman, Vincent"]
[Black "Slagboom, Leandro"]
[Result "1-0"]
[WhiteElo "1091"]
[BlackElo "1308"]
[PlyCount "119"]
[EventDate "2017.08.??"]

1. e4 b6 2. d4 Bb7 3. Nc3 e6 4. a3 Nf6 5. Bd3 d5 6. e5 Nfd7 7. Nce2 c5 8. c3
Nc6 9. f4 Qc7 10. Nf3 c4 11. Bc2 Be7 12. O-O O-O-O 13. Qe1 h6 14. Qg3 Rdg8 15.
f5 Nd8 16. Qh3 Nf8 17. Bf4 Kb8 18. g4 Ka8 19. Qg3 Nc6 20. f6 Bd8 21. fxg7 Rxg7
22. Qh3 h5 23. Kh1 h4 24. Rg1 Ng6 25. Be3 Be7 26. Qg2 Qd8 27. h3 Nf8 28. Raf1
Nh7 29. Bh6 Rgg8 30. Bf4 Ng5 31. Bxg5 Bxg5 32. Nxg5 Qxg5 33. Rxf7 Rf8 34. Rff1
Ne7 35. Rf2 Rxf2 36. Qxf2 Qg8 37. Rf1 Bc6 38. Qf7 Qxf7 39. Rxf7 Nc8 40. Rc7 Bb7
41. Rf7 Bc6 42. g5 Rg8 43. g6 Be8 44. Rf6 Bd7 45. Nf4 Ne7 46. Nxe6 Bxe6 47.
Rxe6 Rg7 48. Kg2 Kb7 49. Kf3 Kc7 50. Kg4 Ng8 51. Kxh4 Kd8 52. Kg5 Re7 53. Rxe7
Kxe7 54. h4 Kf8 55. h5 Kg7 56. e6 b5 57. Bd1 a5 58. Bf3 Ne7 59. h6+ Kg8 60. Kf6
1-0

[Event "ONJK 2017 D"]
[Site "Borne"]
[Date "2017.08.11"]
[Round "9.3"]
[White "De Rycke, Tyani"]
[Black "Heskes, Lise"]
[Result "0-1"]
[WhiteElo "1603"]
[BlackElo "1310"]
[PlyCount "150"]
[EventDate "2017.08.??"]

1. e4 Nf6 2. e5 Nd5 3. d4 d6 4. c4 Nb6 5. Nf3 Nc6 6. Be3 dxe5 7. d5 Nb8 8. Nxe5
N8d7 9. Nf3 Nf6 10. Nc3 e6 11. Bxb6 axb6 12. dxe6 Bxe6 13. a3 Be7 14. Nb5 Bd7
15. Nc3 O-O 16. Be2 Re8 17. O-O Bd6 18. Nd4 c6 19. Bf3 Qc7 20. h3 Rad8 21. Nce2
Bc8 22. Qc2 Be5 23. Rad1 g6 24. Rfe1 Bxd4 25. Nxd4 Rxe1+ 26. Rxe1 Rxd4 27. Qc3
Qd8 28. Kh2 Rd3 29. Qe5 Qd6 30. Qxd6 Rxd6 31. Re7 Rd7 32. Re3 Kf8 33. Rb3 Rd2
34. Kg3 Nd7 35. Rb4 Ne5 36. b3 Nxf3 37. Kxf3 Be6 38. Rxb6 Rd7 39. a4 Bf5 40. a5
Kg7 41. b4 Bd3 42. c5 Ba6 43. Ke3 f5 44. Kf4 Kf6 45. g4 fxg4 46. hxg4 Ke7 47.
Kg5 Kd8 48. f4 Kc7 49. f5 Rd5 50. Kf6 gxf5 51. gxf5 Bd3 52. Kg7 Rxf5 53. Kxh7
Rxc5+ 54. Kg7 Rb5 55. Rxb5 Bxb5 56. Kf6 Kd6 57. Kf7 Kd5 58. Ke7 Kc4 59. a6 bxa6
60. Kd6 Kxb4 61. Ke5 Kc3 62. Kd6 a5 63. Kc5 a4 64. Kd6 a3 65. Kc5 a2 66. Kd6
a1=Q 67. Kc5 Qg1+ 68. Kd6 Qb6 69. Kd7 c5+ 70. Ke7 Kd4 71. Kf7 Ke5 72. Kg7 Qf6+
73. Kh7 Qg5 74. Kh8 Kf6 75. Kh7 Qg7# 0-1

[Event "ONJK 2017 D"]
[Site "Borne"]
[Date "2017.08.11"]
[Round "9.4"]
[White "D'Haenens, Leon"]
[Black "De Vries, Fabian"]
[Result "1/2-1/2"]
[WhiteElo "1407"]
[BlackElo "1454"]
[PlyCount "66"]
[EventDate "2017.08.??"]

1. c4 c6 2. Nc3 d5 3. cxd5 cxd5 4. e3 Nf6 5. d4 Nc6 6. Nge2 Bg4 7. h3 Bh5 8. g4
Bg6 9. Bg2 e6 10. Ng3 Bd6 11. Nce2 Nb4 12. O-O Nc2 13. Rb1 Nxd4 14. Nxd4 Bxb1
15. h4 Bxg3 16. fxg3 O-O 17. h5 Be4 18. Bh3 Qd6 19. Kh2 Rac8 20. h6 Nd7 21.
hxg7 Kxg7 22. Rf4 Ne5 23. Rxe4 Qc7 24. Rxe5 Qxe5 25. Bd2 Kg8 26. Qf3 Qe4 27.
Qf6 Qg6 28. Qe5 a6 29. Bc3 b5 30. Nf5 f6 31. Qxe6+ Kh8 32. Ne7 Qc2+ 33. Bg2
Rxc3 1/2-1/2

[Event "ONJK 2017 D"]
[Site "Borne"]
[Date "2017.08.11"]
[Round "9.5"]
[White "Naessens, Wolf"]
[Black "Den Heijer, Rolinde"]
[Result "1-0"]
[WhiteElo "1453"]
[BlackElo "1222"]
[PlyCount "125"]
[EventDate "2017.08.??"]

1. e4 c5 2. Nf3 d6 3. d4 cxd4 4. Nxd4 g6 5. Nc3 Bg7 6. Be2 Nf6 7. Bg5 O-O 8.
O-O Bd7 9. Qd2 Nc6 10. Nb3 a6 11. Bh6 Qc7 12. Bxg7 Kxg7 13. Kh1 Nb4 14. a3 Nc6
15. f4 e6 16. Rad1 Na5 17. Nxa5 Qxa5 18. Qxd6 Bc6 19. Bf3 Rad8 20. Qb4 Rxd1 21.
Rxd1 Qc7 22. e5 Nd7 23. Bxc6 Qxc6 24. Qd6 Rd8 25. Qxc6 bxc6 26. Ne4 Kf8 27. Nf6
Ke7 28. Rxd7+ Rxd7 29. Nxd7 Kxd7 30. g4 Kc7 31. Kg2 Kb6 32. Kf3 Kb5 33. b3 a5
34. Ke3 Kc5 35. Ke4 h6 36. h3 h5 37. c3 Kb5 38. Kd3 Kc5 39. b4+ axb4 40. cxb4+
Kb5 41. Kc3 c5 42. bxc5 Kxc5 43. a4 Kb6 44. Kc4 Ka5 45. Kc5 Kxa4 46. Kd6 Kb4
47. Ke7 Kc5 48. Kxf7 Kd5 49. Kxg6 Ke4 50. Kxh5 Kxf4 51. g5 Kxe5 52. g6 Kf6 53.
Kh6 e5 54. g7 Kf7 55. Kh7 e4 56. g8=Q+ Kf6 57. Qg2 e3 58. Qf3+ Kg5 59. Qxe3+
Kh4 60. Qg1 Kxh3 61. Kg6 Kh4 62. Kf5 Kh5 63. Qg5# 1-0

[Event "ONJK 2017 D"]
[Site "Borne"]
[Date "2017.11.08"]
[Round "9.6"]
[White "Salomons, Matthijs"]
[Black "Honkoop, Stella"]
[Result "0-1"]
[WhiteElo "1120"]
[BlackElo "1402"]
[PlyCount "58"]
[EventDate "2017.08.??"]

1. d4 d6 2. c4 Nf6 3. Nc3 Nbd7 4. e4 e5 5. Bg5 Be7 6. Nf3 c6 7. d5 Qc7 8. Be2
h6 9. Bh4 g5 10. Bg3 Nf8 11. O-O Ng6 12. c5 dxc5 13. dxc6 bxc6 14. Qb3 Be6 15.
Qc2 Nf4 16. Bxf4 gxf4 17. Rfd1 Rg8 18. Kf1 Rb8 19. b3 Nd7 20. g3 Bh3+ 21. Kg1
h5 22. Kh1 h4 23. Kg1 hxg3 24. fxg3 fxg3 25. hxg3 Bg4 26. Kg2 Nf6 27. Nh2 Qc8
28. Nxg4 Nxg4 29. Na4 Ne3+ 0-1

[Event "ONJK 2017 D"]
[Site "Borne"]
[Date "2017.11.08"]
[Round "9.8"]
[White "Muntean, Felix"]
[Black "Goudriaan, Rafael"]
[Result "1-0"]
[WhiteElo "1335"]
[BlackElo "1091"]
[PlyCount "57"]
[EventDate "2017.08.??"]

1. e4 e6 2. d4 d5 3. exd5 exd5 4. Nc3 Nf6 5. Bg5 Bb4 6. Bd3 Be6 7. Nf3 Nc6 8.
O-O O-O 9. a3 Ba5 10. Qd2 Re8 11. Rfe1 a6 12. b4 Bb6 13. Qf4 Qe7 14. Qh4 Rad8
15. Bxh7+ Kf8 16. Bd3 Qd6 17. Bxf6 gxf6 18. Qxf6 Ba7 19. Ng5 Bxd4 20. Nh7+ Kg8
21. Qg5+ Kh8 22. Nf6 Bxf6 23. Qxf6+ Kg8 24. Qh6 Ne7 25. Bh7+ Kh8 26. Re3 Bf5
27. Bg6+ Kg8 28. Qh7+ Kf8 29. Qxf7# 1-0

[Event "ONJK 2017 D"]
[Site "Borne"]
[Date "2017.11.08"]
[Round "9.9"]
[White "Sannen, Jette"]
[Black "Adema, Wessel"]
[Result "0-1"]
[WhiteElo "740"]
[BlackElo "1138"]
[PlyCount "53"]
[EventDate "2017.08.??"]

1. e4 c5 2. Nf3 d6 3. d4 cxd4 4. Nxd4 Nf6 5. Nc3 g6 6. Bc4 Bg7 7. Bf4 O-O 8.
Qd2 Nc6 9. Rd1 e5 10. Bh6 exd4 11. Nd5 Nxe4 12. Qc1 Qh4 13. Be3 dxe3 14. Qxe3
Bh6 15. Qf3 Re8 16. O-O Bg4 17. Qb3 Bxd1 18. Rxd1 Qxf2+ 19. Kh1 Nc5 20. Qc3 Bg7
21. Qg3 Ne4 22. Qxf2 Nxf2+ 23. Kg1 Nxd1 24. h3 Ne3 25. Nc7 Nxc4 26. Nxa8 Rxa8
27. b3 0-1

[Event "ONJK 2017 D"]
[Site "Borne"]
[Date "2017.11.08"]
[Round "9.10"]
[White "Molanus, Florian"]
[Black "Malfliet, Alexander"]
[Result "0-1"]
[WhiteElo "1034"]
[BlackElo "1445"]
[PlyCount "96"]
[EventDate "2017.08.??"]

1. d4 d5 2. Bf4 Nc6 3. e3 Nf6 4. Bd3 e6 5. h3 Bd7 6. Nf3 Bd6 7. Bh2 O-O 8. Nbd2
Qe7 9. c3 e5 10. dxe5 Nxe5 11. Nxe5 Bxe5 12. Bxe5 Qxe5 13. Qc2 Qg5 14. g3 Bc6
15. Rh2 Qh6 16. O-O-O Ng4 17. Rg2 Qxh3 18. Rdg1 d4 19. e4 dxc3 20. bxc3 Rad8
21. Nf1 Qh6+ 22. Kb1 Rfe8 23. f3 Ne3 24. Nxe3 Qxe3 25. Be2 Rxe4 26. Bd3 Re7 27.
Bxh7+ Kf8 28. Rh1 Bxf3 29. Bd3 Re6 30. Rh8+ Ke7 31. Rxd8 Kxd8 32. Rd2 Qe1+ 33.
Kb2 Rb6+ 34. Ka3 Qe7+ 35. Ka4 Bc6+ 36. Bb5+ Kc8 37. Qf5+ Kb8 38. Bxc6 bxc6 39.
Qd7 Ra6+ 40. Kb3 Qa3+ 41. Kc4 Ra4+ 42. Kd3 Qd6+ 43. Qxd6 cxd6 44. Rf2 f6 45. c4
Kc7 46. Rg2 Kb6 47. Kd4 d5 48. Rc2 dxc4 0-1

[Event "ONJK 2017 D"]
[Site "Borne"]
[Date "2017.08.11"]
[Round "9.22"]
[White "Zoet, Jelle"]
[Black "Zandsteeg, Wouter"]
[Result "0-1"]
[WhiteElo "678"]
[BlackElo "785"]
[PlyCount "69"]
[EventDate "2017.08.??"]

1. d4 d5 2. c4 Nf6 3. Nc3 c6 4. Nf3 Bf5 5. Qb3 b6 6. Bf4 e6 7. e3 h6 8. h3 g5
9. Be5 Nbd7 10. Be2 Nxe5 11. Nxe5 Bd6 12. Nxc6 Qc7 13. Qb5 O-O 14. cxd5 a6 15.
Qb3 exd5 16. Nb4 Bxb4 17. Qxb4 Be6 18. O-O Qd8 19. Rac1 Bd7 20. Qd6 Be6 21.
Qxd8 Rfxd8 22. Bf3 h5 23. Rfd1 g4 24. hxg4 hxg4 25. Be2 Kh7 26. Bd3+ Kh6 27. e4
Rd7 28. f3 Rg8 29. Kf2 gxf3 30. gxf3 b5 31. Rh1+ Nh5 32. exd5 Bxd5 33. Be2 Be6
34. Rcd1 f6 35. f4 {... zie toelichting in Onedrive_SpektakelS [88]} 0-1

[Event "ONJK 2017 D"]
[Site "Borne"]
[Date "2017.08.11"]
[Round "10.1"]
[White "Casur, Jan"]
[Black "Naessens, Wolf"]
[Result "1-0"]
[WhiteElo "1526"]
[BlackElo "1453"]
[PlyCount "51"]
[EventDate "2017.08.??"]

1. e4 e5 2. Nf3 Nc6 3. Bc4 Bc5 4. O-O d6 5. d3 h6 6. Be3 Bb6 7. c3 Nf6 8. Nbd2
O-O 9. Bxb6 axb6 10. d4 exd4 11. Nxd4 Nxd4 12. cxd4 Re8 13. Qb3 Be6 14. Bxe6
Rxe6 15. f3 Qd7 16. d5 Ree8 17. Rfc1 Nh5 18. Rc2 Nf4 19. Nf1 Kh7 20. Ne3 g6 21.
Ng4 Nh5 22. Qe3 g5 23. Qd3 Kg8 24. Nxh6+ Kf8 25. Nf5 f6 26. Qc3 1-0